| 000 | 00749nam a22002417a 4500 | ||
|---|---|---|---|
| 999 |
_c6138 _d6138 |
||
| 003 | AR-CdUCM | ||
| 008 | 190313b ||||| |||| 00| 0 spa d | ||
| 040 |
_aMUNICIPALIDAD PROVINCIAL DEL CUSCO _cBIBLIOTECA MUNICIPAL DEL CUSCO |
||
| 082 |
_a869.508 / _bV39 |
||
| 100 |
_aVegas Seminario, Francisco _97374 |
||
| 245 |
_aTierra embrujada : _bnovela / |
||
| 260 |
_aLima : _bMinerva, _c1958. |
||
| 300 |
_a240 paginas ; _c16 cm. |
||
| 440 |
_aPrimer festival del libro piurano _n1 _917794 |
||
| 500 | _aDonación de la familia Nieto | ||
| 505 | _aNovela | ||
| 650 |
_aNovelas peruanas _9545 |
||
| 650 |
_aNovelas de costumbres _9168 |
||
| 650 |
_aPerú _935 |
||
| 710 |
_aAsociación Cultural de Piura _95751 |
||
| 942 |
_2ddc _cLIBROS |
||
| 945 | _aacv | ||